LEADER 03041nam 2200637Ia 450 001 9910457105903321 005 20200520144314.0 010 $a1-317-10170-7 010 $a1-282-38540-2 010 $a9786612385407 010 $a0-7546-9900-5 035 $a(CKB)2550000000000365 035 $a(EBL)476431 035 $a(OCoLC)503607146 035 $a(SSID)ssj0000362831 035 $a(PQKBManifestationID)12080394 035 $a(PQKBTitleCode)TC0000362831 035 $a(PQKBWorkID)10387216 035 $a(PQKB)10586079 035 $a(MiAaPQ)EBC476431 035 $a(MiAaPQ)EBC5293597 035 $a(Au-PeEL)EBL476431 035 $a(CaPaEBR)ebr10356302 035 $a(CaONFJC)MIL922448 035 $a(Au-PeEL)EBL5293597 035 $a(CaONFJC)MIL238540 035 $a(EXLCZ)992550000000000365 100 $a20090713d2010 uy 0 101 0 $aeng 135 $aur|n|---||||| 181 $ctxt 182 $cc 183 $acr 200 10$aManaging Europe's water resources$b[electronic resource] $etwenty-first century challenges /$fChad Staddon 210 $aFarnham, Surrey ;$aBurlington, VT $cAshgate$dc2010 215 $a1 online resource (290 p.) 300 $aDescription based upon print version of record. 311 $a0-7546-7321-9 320 $aIncludes bibliographical references and index. 327 $aCover; Contents; List of Figures, Photos and Tables; Foreword; 1 Introduction: Water and Human Civilisation at the Beginning of the 21st Century; 2 Water Regulation at the Global Level; 3 Managing Water in Europe; 4 Managing Scarce Water Resources: The Qualitative Dimension; 5 Managing Scarce Water Resources: The Quantitative Dimension; 6 Issues in European Water Management 1: Water Utility Privatisation in Europe; 7 Issues in European Water Management 2: Dams; 8 Climate Change, Social Change and Europe's Water Futures; 9 Managing Europe's Water: 21st Century Challenges 327 $aAppendix 1 Glossary of Technical TermsAppendix 2 Water Quality Parameters; Appendix 3 Water Quality Exercises; Appendix 4 Analysis of the Water Supply Opportunities for an Industrial Plant; Bibliography; Index 330 $aIllustrated with case studies explaining key concepts and providing practical examples, this book forms a comprehensive introduction to water management issues from a European perspective. Initially detailing the history of water management, the book then puts forward the major frameworks used for managing water, and provides a synoptic treatment of major water management issues in all 27 EU nations. 606 $aWater-supply$zEurope 606 $aWater resources development$zEurope 608 $aElectronic books. 615 0$aWater-supply 615 0$aWater resources development 676 $a333.910094 700 $aStaddon$b Chad$0847690 801 0$bMiAaPQ 801 1$bMiAaPQ 801 2$bMiAaPQ 906 $aBOOK 912 $a9910457105903321 996 $aManaging Europe's water resources$91893350 997 $aUNINA LEADER 02535oas 2200937 a 450 001 9910330949003321 005 20251105213014.0 011 $a2161-0657 035 $a(OCoLC)460320911 035 $a(CONSER) 2010250833 035 $a(CKB)3340000000000069 035 $a(EXLCZ)993340000000000069 100 $a19960503a19969999 uy a 101 0 $aeng 135 $aur|n||||||||| 181 $ctxt$2rdacontent 182 $cc$2rdamedia 183 $acr$2rdacarrier 200 00$aABA child law practice 210 $aWashington, DC $cABA Center on Children and the Law$d©1996- 311 08$a2161-0649 517 3 $aAmerican Bar Association child law practice 517 1 $aChild law practice 517 3 $aCLP 606 $aChildren$xLegal status, laws, etc$zUnited States$vDigests 606 $aChildren$xLegal status, laws, etc$2fast$3(OCoLC)fst00855046 606 $aAtenció a la infància i a l'adolescència$2thub 606 $aSituació legal$2thub 606 $aLaw$2galestne 607 $aUnited States$2fast$1https://id.oclc.org/worldcat/entity/E39PBJtxgQXMWqmjMjjwXRHgrq 608 $aLaw digests.$2fast 608 $aPeriodicals.$2fast 608 $aDigests.$2fast 608 $aLaw digests.$2lcgft 608 $aRevistes electròniques.$2thub 608 $adigests (legal documents)$2aat 608 $aRe?pertoires de lois et de jurisprudence.$2rvmgf 608 $aMAG (Magazine/Journal)$2galestne 615 0$aChildren$xLegal status, laws, etc. 615 7$aChildren$xLegal status, laws, etc. 615 7$aAtenció a la infància i a l'adolescència. 615 7$aSituació legal. 615 7$aLaw. 676 $a346.7301 676 $a346.7301/35 676 $a347.306135 712 02$aABA Center on Children and the Law. 801 0$bNNToC-L 801 1$bTOH 801 2$bBUF 801 2$bEYM 801 2$bDLC 801 2$bOCLCQ 801 2$bOCLCF 801 2$bOCLCO 801 2$bFIE 801 2$bOCLCQ 801 2$bOCL 801 2$bCUS 801 2$bOCLCO 801 2$bOCL 801 2$bUUM 801 2$bVT2 801 2$bCUS 801 2$bOCLCQ 801 2$bIOY 801 2$bOCLCL 801 2$bSXB 801 2$bCSU 801 2$bOCLCE 801 2$bUAB 801 2$bUEJ 801 2$bOCLCL 801 2$bLND 801 2$bSTF 801 2$bCCT 801 2$bXND 906 $aJOURNAL 912 $a9910330949003321 996 $aABA child law practice$92153091 997 $aUNINA